000 00376nam a2200133Ia 4500
003 GCL
008 140319s9999 xx 000 0 ara d
040 _aGCL /
_cGCL
082 0 4 _a374
_bا ا
245 1 0 _aالانماء التربوى
260 _a[S.N] :
_bمعهد الانتماء العربى ،
_c1978
300 _a309 ص
490 _aالدراسات التربوية
_v0
999 _c36108
_d36108